Top 10 Largest Cities in Rwanda - Statistics

General Stats
  • This quiz has been taken 50 times
  • The average score is 4 of 10
Answer Stats
Population City % Correct
745,261 Kigali
100%
89,600 Butare
53%
83,623 Gisenyi
50%
86,685 Ruhengeri
37%
48,024 Kibuye
32%
87,613 Gitarama
29%
63,833 Cyangugu
26%
70,593 Byumba
21%
47,203 Rwamagana
18%
46,240 Kibungo
13%
No matching quizzes found
Score Distribution
Percent of People with Each Score
Percentile by Number Answered
Your Score History
You have not taken this quiz